000
00210 a2200097 4500
001
76678
090
_c
39192
_d
39192
100
_a
Khalifa
245
_a
Prophet & His Message
260
_b
Institute of Islamic Cul
942
_a
NUST-CAE
_k
297 KHA
999
_c
311751
_d
311751